[Event "SRB-chT 2nd League East play out"]
[Site "Knic"]
[Date "2019.10.06"]
[Round "1.8"]
[White "Jankovic, Uros"]
[Black "Dubravcic, Nikola"]
[Result "1-0"]
[WhiteElo "1864"]
[BlackElo "1820"]
[PlyCount "77"]
[EventDate "2019.10.06"]
[EventType "team-match"]
[EventRounds "1"]
[EventCountry "SRB"]
[SourceTitle "CBM 195 Extra"]
[Source "ChessBase"]
[SourceDate "2020.05.31"]
[SourceVersion "1"]
[SourceVersionDate "2020.05.31"]
[SourceQuality "1"]
[WhiteTeam "Aleksinac"]
[BlackTeam "Pozarevac"]
[WhiteTeamCountry "SRB"]
[BlackTeamCountry "SRB"]

1. d4 d5 2. c4 e6 3. Nc3 Nf6 4. cxd5 exd5 5. Bg5 Be7 6. e3 0-0 7. Bd3 c6 8. Qc2 Nbd7 9. Nf3 Re8 10. 0-0 Nf8 11. Rab1 Ne4 12. Bf4 Nxc3 13. Qxc3 Ng6 14. Bg3 Bd6 15. b4 Ne7 16. b5 Bxg3 17. hxg3 Qd6 18. bxc6 Nxc6 19. Rfc1 Re7 20. Ne5 Rc7 21. Bb5 Bd7 22. Qc5 Qe6 23. Ba4 Rac8 24. Bxc6 bxc6 25. Rc3 Qe8 26. Ra3 f6 27. Nf3 Bf5 28. Rb4 Rb8 29. Rab3 Rxb4 30. Rxb4 Qc8 31. Nd2 Rb7 32. Nb3 Qc7 33. Kh2 Qf7 34. f3 Qh5+ 35. Kg1 Qe8 36. Kf2 Re7 37. Qc3 Bb1 38. a3 h5 39. Na5 1-0

[Event "SRB-chT 2nd League East"]
[Site "Knic"]
[Date "2019.09.07"]
[Round "3.7"]
[White "Ristic, Boban"]
[Black "Jankovic, Uros"]
[Result "1-0"]
[WhiteElo "2049"]
[BlackElo "1864"]
[PlyCount "56"]
[EventDate "2019.09.06"]
[EventType "team-tourn"]
[EventRounds "11"]
[EventCountry "SRB"]
[SourceTitle "EXT 2020"]
[Source "ChessBase"]
[SourceDate "2019.10.17"]
[SourceVersion "1"]
[SourceVersionDate "2019.10.17"]
[SourceQuality "1"]
[WhiteTeam "Nis Svitanja"]
[BlackTeam "Aleksinac"]
[WhiteTeamCountry "SRB"]
[BlackTeamCountry "SRB"]

1. d4 d5 2. Nf3 c6 3. c3 Nf6 4. Bf4 Bg4 5. Nbd2 Nbd7 6. h3 Bh5 7. Qb3 Qb6 8. e3 Qxb3 9. axb3 Bxf3 10. gxf3 g6 11. b4 Bg7 12. Nb3 e5 13. Bxe5 Nxe5 14. dxe5 Nd7 15. f4 Ke7 16. Be2 h5 17. Rg1 Bh6 18. Kd2 a6 19. Nc5 Rab8 20. Kc2 Rhg8 21. Rad1 Nxc5 22. bxc5 Ke6 23. Rd4 Rgd8 24. Rgd1 Bf8 25. b4 a5 26. e4 axb4 27. cxb4 Ra8 28. exd5+ cxd5 1-0

[Event "SRB-chT3 East CS"]
[Site "Kladovo"]
[Date "2016.10.14"]
[Round "8.16"]
[White "Stanojevic, Dragoljub"]
[Black "Jankovic, Uros"]
[Result "1/2-1/2"]
[WhiteElo "1896"]
[BlackElo "1892"]
[PlyCount "20"]
[EventDate "2016.09.04"]
[EventType "team-tourn"]
[EventRounds "11"]
[EventCountry "SRB"]
[SourceTitle "EXT 2021"]
[Source "ChessBase"]
[SourceDate "2020.10.23"]
[SourceVersion "1"]
[SourceVersionDate "2020.10.23"]
[SourceQuality "1"]

1. c4 c5 2. Nc3 Nc6 3. g3 g6 4. Bg2 Bg7 5. e3 Nf6 6. Nge2 0-0 7. 0-0 e6 8. e4 d6 9. d4 cxd4 10. Nxd4 Nxd4 1/2-1/2

[Event "SRB-chT3 East"]
[Site "Serbia"]
[Date "2015.10.15"]
[Round "6.45"]
[White "Jankovic, Uros"]
[Black "Colic, Ninoslav"]
[Result "1/2-1/2"]
[WhiteElo "1832"]
[BlackElo "2141"]
[PlyCount "80"]
[EventDate "2015.09.06"]
[EventType "team-tourn"]
[EventRounds "11"]
[EventCountry "SRB"]
[SourceTitle "EXT 2022"]
[Source "ChessBase"]
[SourceDate "2021.10.06"]
[SourceVersion "1"]
[SourceVersionDate "2021.10.06"]
[SourceQuality "1"]

1. d4 Nf6 2. c4 e5 3. dxe5 Ng4 4. Bf4 g5 5. Bg3 Bg7 6. Nf3 Nc6 7. Nc3 Ngxe5 8. Nxe5 Nxe5 9. e3 d6 10. Be2 Be6 11. f4 gxf4 12. exf4 Nc6 13. 0-0 Nd4 14. Bd3 f5 15. Qh5+ Kf8 16. Nd5 c6 17. Bh4 Bf7 18. Qxf7+ Kxf7 19. Bxd8 Raxd8 20. Ne3 h5 21. g3 Rde8 22. Kf2 h4 23. Rh1 Rh5 24. Ng2 Bf6 25. Rae1 Reh8 26. Rhf1 hxg3+ 27. hxg3 Rh2 28. b4 b6 29. Re3 Rh1 30. Rxh1 Rxh1 31. Re1 Rxe1 32. Nxe1 Ke6 33. Ng2 a5 34. bxa5 bxa5 35. Ne3 Bd8 36. Ke1 Bb6 37. Kd1 Bc5 38. Bb1 Bb4 39. Bd3 Bc3 40. Bb1 Bb4 1/2-1/2

[Event "SRB-chT2 East playoff"]
[Site "Leskovac"]
[Date "2014.??.??"]
[Round "7.1"]
[White "Klcesko, Aleksandar"]
[Black "Jankovic, Uros"]
[Result "0-1"]
[WhiteElo "1767"]
[BlackElo "1741"]
[PlyCount "102"]
[EventDate "2014.09.25"]
[EventType "team-swiss"]
[EventRounds "1"]
[EventCountry "SRB"]
[SourceTitle "EXT 2015"]
[Source "ChessBase"]
[SourceDate "2014.11.20"]
[SourceVersion "1"]
[SourceVersionDate "2014.11.20"]
[SourceQuality "1"]

1. e4 c5 2. Nf3 d6 3. d4 cxd4 4. Nxd4 Nf6 5. Nc3 a6 6. Be3 e6 7. a4 Be7 8. Be2 Nc6 9. Nb3 d5 10. exd5 Nxd5 11. Nxd5 Qxd5 12. Qxd5 exd5 13. Rd1 Be6 14. Bf3 Rd8 15. 0-0 0-0 16. Rd2 Ne5 17. Be2 Rc8 18. Nd4 Nc4 19. Bxc4 Rxc4 20. b3 Rc3 21. Nxe6 fxe6 22. Bd4 Rc6 23. Re1 Bb4 24. c3 Bxc3 25. Bxc3 Rxc3 26. Rb1 Rfc8 27. g3 Rc1+ 28. Rxc1 Rxc1+ 29. Kg2 Rc3 30. Rb2 Kf7 31. Kf1 Ke7 32. Ke2 Kd6 33. Kd2 Rc7 34. Kd3 e5 35. h4 d4 36. Ke4 Rc3 37. Rb1 Ke6 38. Rb2 Rc1 39. a5 Re1+ 40. Kd3 Ra1 41. b4 Rc1 42. Rb3 Kd5 43. Rb2 e4+ 44. Kd2 Rc3 45. Rb1 Rc7 46. Rb2 d3 47. Ke3 Rc2 48. Rb1 Re2+ 49. Kf4 Rxf2+ 50. Ke3 Re2+ 51. Kf4 d2 0-1